| 000 | 00497cam a22001932a 4500 | ||
|---|---|---|---|
| 001 | 016303 | ||
| 003 | AR-FADEU | ||
| 008 | 311216n1997####xxu####################dd | ||
| 020 | _a950-20-1051-5 | ||
| 092 |
_aD344.9 _bP896 |
||
| 100 | _aPrado, Juan José | ||
| 245 | _aManual de instituciones de derecho público : constitucional y administrativo | ||
| 260 | _aBuenos Aires | ||
| 260 | _bAbeledo-Perrot | ||
| 260 | _c1997 | ||
| 300 | _a302 p | ||
| 650 | _aDERECHO-PUBLICO | ||
| 942 | _cBDGR | ||
| 999 |
_c22060 _d22060 |
||